000 00593nam a2200205Ia 4500
008 170504s9999 xx 000 0 und d
050 _aQA 76.5
050 _b.J91 2016
100 _aJuan, Phillippe Christopher G.
245 _aOnline ordering system for baby's puto cake /
245 _cPhillippe Christopher G. Juan.
260 _aLas PiƱas, Philippines :
260 _bSISC,
260 _c2016.
300 _a115 pages :
300 _billustrations ;
300 _c28 cm.
500 _aIncludes bibliographical references and appendices.
521 _aInformation Technology
999 _c329758
_d329758